Największe państwa na Mistrzostwach Świata 2022 - Statystyki

Ogólne statystyki
  • Ten quiz został rozwiązany 308 razy
  • Średni wynik to 8 z 10
Statystyki odpowiedzi
Powierzchnia (km²) Reprezentacja % Poprawnych
8 511 965 Brazylia
95%
9 373 967 Stany Zjednoczone
93%
2 766 890 Argentyna
90%
675 417 Francja
88%
9 976 140 Kanada
88%
7 686 850 Australia
72%
504 645 Hiszpania
69%
1 972 550 Meksyk
67%
2 149 690 Arabia Saudyjska
63%
1 648 195 Iran
43%
Nie znaleziono quizów pasujących do podanych kryteriów
Rozkład punktacji
Procent ludzi z każdym wynikiem
Percentyl według liczby udzielonych odpowiedzi
Twoja historia wyników
Nie rozwiązałeś tego quizu